000 00581nam a2200229Ia 4500
003 OSt
005 20220924150137.0
006 a|||||r|||| 00| 0
007 ta
008 220923b |||||||| |||| 00| 0 per d
024 _a331902
037 _cTextual
040 _aARTS
_cARTS
_bper
041 _2per
_aper
082 _aV45.N2, 164L9
100 _aFaimqami Jahangeer Au.
_9221333
245 0 _aIran maradar
260 _c1979
650 _aIRAN - HISTORY
942 _hV45.N2, 164L9
_cTEXL
_2CC
999 _c462292
_d462292